Изучение теплофизических свойств системы накопления водорода на основе гидрида магния и углеродных нанотрубок; Перспективные материалы конструкционного и функционального назначения

Detaylı Bibliyografya
Parent link:Перспективные материалы конструкционного и функционального назначения.— 2023.— С. 217-219
Yazar: Саядян А. К.
Müşterek Yazar: Национальный исследовательский Томский политехнический университет
Diğer Yazarlar: Эльман Р. Р. Роман Романович
Özet:Текстовый файл
Dil:Rusça
Baskı/Yayın Bilgisi: 2023
Seri Bilgileri:Функциональные материалы
Konular:
Online Erişim:http://earchive.tpu.ru/handle/11683/77198
Materyal Türü: Elektronik Kitap Bölümü
KOHA link:https://koha.lib.tpu.ru/cgi-bin/koha/opac-detail.pl?biblionumber=670118

MARC

LEADER 00000naa2a2200000 4500
001 670118
005 20240119144516.0
090 |a 670118 
100 |a 20240110d2023 k||y0rusy50 ca 
101 0 |a rus 
102 |a RU 
135 |a drbn ---uucaa 
200 1 |a Изучение теплофизических свойств системы накопления водорода на основе гидрида магния и углеродных нанотрубок   |f А. К. Саядян, Р. Р. Эльман  |g Национальный исследовательский Томский политехнический университет 
225 |a Функциональные материалы 
283 |2 RDAcarrier 
320 |a Список использованных источников: с. 219 
336 |a Текстовый файл 
463 1 |0 670083  |9 670083  |a Буякова, С. П. (специалист в области материаловедения ; 1968-)  |c Томск  |d 2023  |n Изд-во ТПУ  |o сборник научных трудов Международной научно-технической молодежной конференции, Томск, 11–15 декабря 2023 г.  |t Перспективные материалы конструкционного и функционального назначения  |u conference_tpu-2023-C125.pdf  |v С. 217-219 
610 1 |a электронный ресурс 
610 1 |a труды учёных ТПУ 
610 1 |a теплофизические свойства 
610 1 |a водород 
610 1 |a углеродные нанотрубки 
700 1 |a Саядян  |b А. К. 
701 1 |a Эльман  |b Р. Р.  |c физик  |c инженер Томского политехнического университета  |f 1997-  |g Роман Романович  |9 22618 
712 0 2 |a Национальный исследовательский Томский политехнический университет  |c (2009- )  |9 26305 
801 0 |a RU  |b 63413507  |c 20240110 
850 |a 63413507 
856 |u http://earchive.tpu.ru/handle/11683/77198  |z http://earchive.tpu.ru/handle/11683/77198 
942 |c CF